Central Library OPAC University of Rajshahi

The Persian mystics : (Record no. 32699)

MARC details
000 -LEADER
fixed length control field 00877nam a22002411a 4500
001 - CONTROL NUMBER
control field 32699
003 - CONTROL NUMBER IDENTIFIER
rucl marc code BD-RjUL
005 - DATE AND TIME OF LATEST TRANSACTION
control field 20211209051900.0
008 - FIXED-LENGTH DATA ELEMENTS--GENERAL INFORMATION
fixed length control field 140428s1939 enk 00010 eng d
035 ## - SYSTEM CONTROL NUMBER
System control number (BD-RjUL)32789
040 ## - CATALOGING SOURCE
Original cataloging agency BD-RjUL
Language of cataloging eng
Transcribing agency BD-RjUL
041 ## - LANGUAGE CODE
Language code of text/sound track or separate title eng
082 04 - DEWEY DECIMAL CLASSIFICATION NUMBER
Classification number 297.6
Author mark and year SIP 1939
100 10 - MAIN ENTRY--PERSONAL NAME
Personal name Singh, Jogendra,
Dates associated with a name 1877-1946.
9 (RLIN) 99462
245 14 - TITLE STATEMENT
Title The Persian mystics :
Remainder of title the invocations of Sheikh 'Abdullah Ansari of Herat, A.D. 1005-1090 /
Statement of responsibility, etc. by Sardar Sir Jogendra Singh.
260 0# - PUBLICATION, DISTRIBUTION, ETC. (IMPRINT)
Place of publication, distribution, etc. London :
Name of publisher, distributor, etc. Murray,
Date of publication, distribution, etc. 1939 [Reprinted 1951, 1959]
300 ## - PHYSICAL DESCRIPTION
Pagination 59 p. ;
Size 18cm.
490 1# - SERIES STATEMENT
Series statement Wisdom of the East series (London, England)
650 #7 - SUBJECT ADDED ENTRY--TOPICAL TERM
Topical term or geographic name as entry element Mysticism.
General subdivision Islam.
9 (RLIN) 62775
700 20 - ADDED ENTRY--PERSONAL NAME
Personal name Ansari al-Harawi, `Abd Allah ibn Muhammad,
Dates associated with a name 1006-1089.
830 #0 - SERIES ADDED ENTRY--UNIFORM TITLE
Uniform title Wisdom of the East series (London, England)
942 ## - ADDED ENTRY ELEMENTS (KOHA)
Source of classification or shelving scheme Dewey Decimal Classification
Koha item type Books
Holdings
Lost status Source of classification or shelving scheme Damaged status Not for loan Permanent Location Current Location Shelving location Date acquired Source of acquisition Cost, normal purchase price Total Checkouts Full call number Date last seen Copy number Koha item type Collection code
  Dewey Decimal Classification     Central Library, University of Rajshahi Central Library, University of Rajshahi Reading Room 25/01/1958 Spadding Trust 0.00   297.6 SIP 1939 28/04/2014 C-1 Books  
  Dewey Decimal Classification     Central Library, University of Rajshahi Central Library, University of Rajshahi   04/02/1956 ABC 4.00   297.6 SIP 1951 29/04/2014 C-2 Books Non-fiction
  Dewey Decimal Classification     Central Library, University of Rajshahi Central Library, University of Rajshahi   23/09/1968 Zeitlinger 16.00   297.6 SIP 1959 29/04/2014 C-3 Books Non-fiction
  Dewey Decimal Classification     Central Library, University of Rajshahi Central Library, University of Rajshahi   23/09/1968 Zeitlinger 16.00   297.6 SIP 1959 29/04/2014 C-4 Books Non-fiction
  Dewey Decimal Classification     Central Library, University of Rajshahi Central Library, University of Rajshahi   23/09/1968 zeitlinger 16.00   297.6 SIP 1959 04/12/2016 C-5 Books Non-fiction
  Dewey Decimal Classification     Central Library, University of Rajshahi Central Library, University of Rajshahi   28/11/1966 A.I. Quraishi 3.35   297.6 SIP 1951 14/10/2018 C-6 Books Non-fiction